000 01971 a2200253 4500
003 UA-OsUOA
005 20230322101659.0
008 230309b un ||||| |||| 00| 0 ukr d
020 _a9789661700641
040 _aUA-OsUOA
_bukr
_cUA-OsUOA
_dUA-OsUOA
041 _aukr
080 _a346.9(091)
090 _a346.9(091)
_bГ83
100 _aГригорчук М.
110 _aВищий навчальний заклад Університет економіки і права "Крок"
245 _aПравовий захист суб'єктів господарювання (теорія і практика)
_bмонографія
_cМирослав Григорчук
260 _aК.
_bКрок
_c2020
300 _a377 с.
505 0 0 _aЗміст 1. Історичне та наукове підґрунтя правового захисту в юриспруденції 2. Сутність та наукове бачення структури поняття "захист прав суб'єктів господарювання" 3. Досудові форми і міжнародно-правове регулювання правового захисту прав суб'єктів господарювання 4. Судовий захист прав суб'єктів господарювання: конституційні основи і шляхи удосконалення 5. Правовий захист прав суб'єктів господарювання (теоретико-методологічні аспекти)
650 _2UDC
_a346.9 Здійснення господарського права. Санкції. Нагляд. Господарсько-правові суперечки. Врегулювання. Правовий захист
942 _cBK
_2udc
955 _a1
999 _c573942
_d573942